000 00403nam a2200157Ia 4500
008 230711s9999||||xx |||||||||||||| ||und||
020 _a978-81-9087-896-8
041 _aENG
082 _a720
_bPI-L
100 _aPinge,Roopa Sabnis
245 0 _a50 luxury apartments in India
260 _c2012
_aMumbai
_bWhite Flag Media & Communications Ltd
300 _a419
650 _aArchitecture
942 _cBK
999 _c5695
_d5695